000 00982nam1a2200265 i 4500
001 RU\NLR\BIBL_A\011783243
005 20260406044635.0
010 _a9785405062371
_9150
035 _a(NLR Aleph) 011783243
090 _a11787765
_c11787765
100 _a20180906d2018 u y0rusy50 ca
101 0 _arus
102 _aRU
105 _a||||z||||||||
200 1 _aИзбранные труды по региональной экономике
_e[в двух томах]
_fМ.Я. Гохберг
210 _aМосква
_cКноРус
_d2018
215 _d24
309 _a2 кн. вложены в футляр
606 1 _aРегиональная экономика
_jСборники
_yСССР
_92311566
_3RU\NLR\AUTH\661383411
686 1 _aУ04(2)9я44
700 1 _8rus
_7ca
_aГохберг
_bМ. Я.
_gМарк Яковлевич
_3RU\NLR\AUTH\774469
_9114449
852 _aNLR
_j2018-7/4776
942 _cBOOK